| 000 | 00476nam a22001697a 4500 | ||
|---|---|---|---|
| 003 | NUST | ||
| 005 | 20260514154540.0 | ||
| 008 | 260514b ||||| |||| 00| 0 eng d | ||
| 020 | _a978-969-425-008-0 | ||
| 082 |
_a954.9 _bALI |
||
| 100 |
_aChaudhri Muhammad Ali. _946425 |
||
| 245 |
_aThe Emergence of Pakistan / _cChaudhri Muhammad Ali. |
||
| 260 |
_aNew York : _bColumbia University press, _c2009. |
||
| 300 |
_a418 p ; _c27.8 cm |
||
| 563 | _aHardcover | ||
| 942 |
_2ddc _cBK |
||
| 999 |
_c617471 _d617471 |
||